000 00656nam a22002057a 4500
999 _c8998
_d8998
003 AR-CdUCM
008 190327b ||||| |||| 00| 0 spa d
040 _aMUNICIPALIDAD PROVINCIAL DEL CUSCO
_cBIBLIOTECA MUNICIPAL DEL CUSCO
082 _a868.8 /
_bOS81
100 _aOsorio de Oliveira, Jose
_924917
245 _aVisión de la literatura portuguesa /
260 _aLisboa :
_bSNI,
300 _a63 paginas ;
_bIlustraciones,
_c21 cm.
505 _aContenido : Literatura
650 _aLiteratura Portuguesa
_912417
650 _aPoesía Europea
_912150
700 _aVasquez, José Andrés (Traductor)
_924918
942 _2ddc
_cLIBROS
945 _awnts